LEADER 01078nam a2200229 i 4500 001 000000198749 003 CaOOAMICUS 005 20110309000000.0 008 110309s1919 it u000 u ita u 013 $a177439 040 $aSeMil$bita 245 13$aLa Rappresentanza Proporzionale :$bnel progetto della Commissione Parlamentare e nella Relazione dell'on. Micheli. 260 $aMilano :$bTipografia Antonini & C.,$c1919. 300 $a34 p. ;$c17 cm. 490 0 $aAssociazione proporzionalista ;$vN.12 650 4$aElezioni politiche - Sistema proporzionale.$0(OLS)http://semarc/subject/37331 830 0$aAssociazione proporzionalista ;$vN.12.$0(OLS)http://semarc/title/32959 850 $aSeMil 852 $aSeMil$W1$xVenegono$y1$m5D VIII 14/32$j149305$B149305$CSeMilBibl$Z2$F160674 $81 961 $aOmaggio: Altro 996 $6245$aLa Rappresentanza Proporzionale :$bnel progetto della Commissione Parlamentare e nella Relazione dell'on. Micheli$9(OLS)http://semarc/title/287272 996 $6260$aMilano :$bTipografia Antonini & C.$9(OLS)http://semarc/publisher/51230 LEADER 01109nam a2200277 i 4500 001 000000139868 003 CaOOAMICUS 005 20050531000000.0 008 050531s1960 it u000 u ita u 013 $a114001 040 $aSeMil$bita 100 1 $aBartoletti, Enrico .$0(OLS)http://semarc/name/25431 245 10$aIncontri biblici /$cBartoletti ... [et al.] ; introduzione di mons. Enrico Galbiati. 260 $aMilano :$bMassimo,$c1960. 300 $a226 p. ;$c19 cm. 490 0 $aIl nostro tempo ;$v9 650 4$aBibbia - Introduzioni.$0(OLS)http://semarc/subject/748 700 1 $aGalbiati, Enrico Rodolfo,$c.$0(OLS)http://semarc/name/5351 830 3$aIl nostro tempo ;$v9.$0(OLS)http://semarc/title/7324 850 $aSeMil 852 $aSeMil$W1$xVenegono$y1$m2V VII 86$j270438$B93258$CSeMilBibl$Z2$F98995 $81 900 1 $aGalbiati, Enrico. 961 $aOmaggio: Altro 996 $6245$aIncontri biblici$9(OLS)http://semarc/title/204325 996 $6260$aMilano :$bMassimo$9(OLS)http://semarc/publisher/30297